01890nkc a2200289za 450000100060000000300040000600500170001000700070002700800410003404000240007524501170009924600570021626000350027330000960030850002050040450003420060950001510095150000890110254400760119160000390126761000510130665100180135765500350137571000280141085200120143885601500145084554OSt20260423155654.0kh boc250410s1909 sp ||||| ||||||0| i|spa d cM-RABAaM-RABAbspa00aIrene y Lucila extrayendo la saeta del cuerpo de San Sebastiánh[Material gráfico]c/ Luis Bonifar y Massó aSanta Irene y santa Lucina curando a San Sebastián b[Hauser y Menet]c, [ca. 1909] a1 fotografíab: gelatina de plata c; imagen 20 x 12 cm c; soporte secundario 30 x 24 cm aFotografía del relieve "Santa Irene y santa Lucina curando a San Sebastián" de Jaime Folch. Se conserva en el Museo de la Real Academia de Bellas Artes de San Fernando con nº de inventario E-295. aMontada sobre un soporte secundario de cartón, con texto manuscrito a lápiz en la parte inferior al recto: "Irene y Lucila extrayendo la saeta del cuerpo de San Sebastián por Luis Bonifar y Massó Académico de mérito 1763". Nota manuscrita al verso a lápiz rojo: "Entierro de Sª Sebastián / 1763 (Académico de mérito" aLa obra fue atribuida a Luis Bonifás, hasta la última intervención en 2021, donde se ha podido acceder a la firma del escultor, Jaime Folch. aFecha probable de la realización de la fotografía realizada por Hauser y Menet.  aArchivo de la Real Academia de Bellas Artes de San Fernando (Le-4-29-1)10aFolch y Costa, Jaime d(1755-1821)24aReal Academia de Bellas Artes de San Fernando. 7aMadrid2embne 7aFotografías de obras de arte2 aHauser y Menet (Madrid) jFot-600 3Fot-600uhttps://archivoybiblioteca.realacademiabellasartessanfernando.com/cgi-bin/koha/opac-retrieve-file.pl?id=78d12025253885f970c85a03e1d16f9e